| 000 | 00821nam a2200241 a 4500 | ||
|---|---|---|---|
| 999 |
_c447276 _d447276 |
||
| 003 | BLK | ||
| 005 | 20230727123329.0 | ||
| 008 | 220307b bu |||||r|||| 00| | bu d | ||
| 040 | _aBLK | ||
| 041 |
_aBUL _cBUL |
||
| 080 |
_aЖелезопътни линии. Железопътно строителство. Вж и 624.19; 624.2/.8; 629.4; 656.2 _b625.1 _x(062) _z625.1 (062) |
||
| 139 | _bП 41 | ||
| 245 |
_a5 години гара Русе - Изток _h[Малотир. изд.] |
||
| 260 |
_9441842 _aРусе _bб. и. _cб. г. |
||
| 300 |
_a1 л. _bс ил. _c23х45 см |
||
| 380 | _a62 | ||
| 653 | 7 |
_9197633 _aстроителство |
|
| 653 | 7 |
_9186569 _aжелезопътни гари |
|
| 852 |
_bК _cК 62/П 41 |
||
| 942 |
_cKNG _n0 _s1 _01 |
||
| 944 |
_aCR _c2022-03-07 _k30556 _lТеодора Пейчева-Дянкова |
||
| 999 | _d447276 | ||